| 000 | 00539nam a2200217Ia 4500 | ||
|---|---|---|---|
| 008 | 210210b2008 xxu||||| |||| 00| 0 eng d | ||
| 020 | _a9780521137546 | ||
| 041 | _aeng | ||
| 082 | _a820 YOUS | ||
| 100 | _aYOUNG (Tory) | ||
| 245 |
_aStudying english literature _bPractical guide |
||
| 260 |
_aCambridge _bCambridge University Press _c2008 |
||
| 300 | _axi,172 | ||
| 650 | _aStudying | ||
| 650 | _aPractical | ||
| 650 | _aliterature | ||
| 650 | _aguide | ||
| 650 | _aenglish | ||
| 690 | _aEnglish Literature | ||
| 906 | _a064343 | ||
| 999 |
_c116263 _d116263 |
||